Devinez la Capitale Mystère #1 - Statistiques

Statistiques générales
  • Ce quiz a été pris 567 fois
  • Le résultat moyen est 26 sur 34
Statistiques - réponses
Type de Réponse Réponse % Correct
Lettre Trouvée A
100%
Lettre Trouvée I
100%
Lettre Trouvée R
100%
Lettre de l'Alphabet S
100%
Lettre Bien Placée A
98%
Lettre de l'Alphabet E
98%
Lettre Trouvée O
98%
Lettre de l'Alphabet L
97%
Lettre Trouvée N
97%
Lettre de l'Alphabet P
97%
Lettre Trouvée B
96%
Lettre de l'Alphabet D
93%
Lettre de l'Alphabet M
92%
Lettre de l'Alphabet T
91%
Lettre de l'Alphabet U
88%
Lettre de l'Alphabet G
84%
Lettre de l'Alphabet C
81%
Lettre de l'Alphabet K
80%
Lettre de l'Alphabet H
78%
Lettre Bien Placée O
78%
Lettre de l'Alphabet W
73%
Lettre Bien Placée R
72%
Lettre de l'Alphabet V
67%
Lettre de l'Alphabet Y
65%
Lettre de l'Alphabet X
63%
Lettre Bien Placée I
59%
Lettre de l'Alphabet J
56%
Lettre Bien Placée B
52%
Lettre de l'Alphabet Z
51%
Lettre de l'Alphabet F
50%
Lettre Bien Placée I
50%
Lettre Bien Placée N
49%
Lettre de l'Alphabet Q
48%
Capitale Mystère Nairobi
47%
Aucun quiz correspondant
Distribution des résultats
% des personnes avec chaque résultat
Percentile par nombre de réponses
Votre historique - résultats
Vous n’avez pas pris ce quiz